Sports Quiz

Random Sports or Soccer Quiz

Premier League Goalkeepers 2000-10 (Pics) Quiz Stats

 Plays Quiz not verified by Sporcle

Score 0/112 Timer 15:00
0 Plays Today
% Correct
David Seaman
95.7%
David James
90.7%
Joe Hart
84.7%
Lukasz Fabianski
81.2%
Brad Friedel
77%
Petr Cech
76.2%
Peter Schmeichel
72.8%
Manuel Almunia
71.1%
Paul Robinson
70.9%
Mark Schwarzer
70.1%
Robert Green
69.3%
Fabian Barthez
68.1%
Edwin Van Der Sar
67.8%
Chris Kirkland
66.8%
Jen Lehmann
66.1%
Heurelho Gomes
66.1%
Shay Given
65.3%
Pepe Reina
65.1%
Maik Taylor
63.2%
Jerzy Dudek
62.1%
Marcus Hahnemann
60.8%
Roy Carroll
60.5%
Kasey Keller
56.3%
Ben Foster
55.3%
Ali Al-Habsi
55.1%
Tim Howard
52.6%
Jussi Jaaskelainen
52.2%
Kasper Schmeichel
51.7%
Nigel Martyn
51.2%
Scott Carson
50.5%
Vito Mannone
50.4%
Shaka Hislop
50%
Richard Wright
49.6%
Alex Manninger
48.1%
Ian Walker
47.3%
Craig Gordon
46.3%
Paddy Kenny
46%
Brad Jones
43.9%
% Correct
Antti Niemi
43.8%
Thomas Sorensen
43.4%
Mark Bosnich
43.2%
Ed De Goey
42.6%
Brian Jensen
40.6%
Dean Kiely
40.1%
Carlo Cudicini
39.5%
Mart Poom
39.2%
John Lukic
38.7%
Steven Harper
36.2%
Richard Kingson
35.3%
Wayne Hennessey
34.1%
Henrique Hilario
32.9%
Paul Jones
32.4%
Tim Flowers
31.8%
Julian Speroni
31.3%
Neil Sullivan
30.4%
Gabor Kiraly
29.7%
Tomasz Kuszczak
29.2%
Boaz Myhill
28.8%
Ross Turnbull
28.7%
Matt Murray
28%
Nicky Weaver
23%
Sander Westerveld
22.8%
Raymond Van der Gouw
21.9%
John Filan
20.8%
Russell Hoult
20.5%
Mike Pollitt
20%
Mark Crossley
20%
Brad Guzan
19.2%
Kelvin Davis
17.7%
Stephen Bywater
17%
Matt Duke
16.2%
Tony Warner
16.1%
Peter Enckelman
15.8%
Steve Simonsen
14.4%
Michael Oakes
14.2%
Magnus Hedman
13.5%
% Correct
Stuart Taylor
13%
Jason Brown
12.8%
Alan Kelly
12.6%
Asmir Begovic
12.2%
Thomas Myhre
11.2%
Colin Doyle
10.5%
Andreas Isaksson
9.6%
Jamie Ashdown
9.6%
Pegguy Arphexad
9.1%
Ian Bennett
9%
Jimmy Walker
7.4%
Richard Lee
6.9%
Kevin Poole
6%
Paul Smith
5.9%
Stephen Andersen
4.3%
Stefan Postma
4.2%
Simon Royce
3.5%
Matteo Sereni
3.4%
Sasa Ilic
3.2%
Gary Walsh
3.2%
Jurgen Macho
3.1%
Paul Gerrard
3.1%
Carlo Nash
3%
Nico Vaesen
2.7%
Marton Fulop
2.7%
Andy Marshall
2.7%
Vladimir Stojkovic
2.1%
Jan Lastuvka
2.1%
Lewis Price
2%
Ben Alnwick
1.9%
Radek Cerny
1.9%
Matt Clarke
1.6%
Andy Oakes
1.4%
Darren Ward
1.3%
Kevin Stuhr-Ellegaard
1.2%
Alan Blayney
1.2%

You're not logged in!

Compare scores with friends on all Sporcle quizzes.
OR
Log In

You Might Also Like...

Show Comments

Extras

Top Quizzes Today


Score Distribution

Your Account Isn't Verified!

In order to create a playlist on Sporcle, you need to verify the email address you used during registration. Go to your Sporcle Settings to finish the process.

Report this User

Report this user for behavior that violates our Community Guidelines.

Details: